|
|
|
|
| LEADER |
00000nam a2200000 4500 |
| 008 |
160210b2014 cr ||||| |||| 00| | spa d |
| 999 |
|
|
|c 3086
|d 3086
|
| 090 |
|
|
|a 06.01.01
|b 2158
|
| 100 |
1 |
|
|9 706
|a D'Antoni, Maurizia
|
| 245 |
1 |
0 |
|a Actividades académicas para la consolidación de grupo de estudio: aplicaciones de la teoría de Vygotski en contexto latinoamericano /
|c Maurizia D`Antoni
|
| 260 |
|
|
|a [San José, Costa Rica] :
|b INIE,
|c 2014
|
| 300 |
|
|
|a 17 páginas, 11 páginas sin numerar
|
| 500 |
|
|
|a Informe de Proyecto de Acción Social ED-2991
|
| 600 |
1 |
4 |
|9 906
|a VYGOTSKY, LEV SEMIONOVICH
|
| 650 |
1 |
4 |
|9 661
|a TEORÍA DE LA EDUCACIÓN
|
| 650 |
1 |
4 |
|9 326
|a INVESTIGACIÓN EDUCATIVA
|
| 650 |
1 |
4 |
|9 451
|a POLÍTICA EDUCATIVA
|
| 651 |
|
4 |
|9 273
|a AMÉRICA LATINA
|
| 942 |
|
|
|i 004113
|h 06.01.01 2158
|2 z
|c 04
|